00407nam a2200133Ia 4500008004100000041000800041082001800049100001900067245009200086250000600178260005100184300001300235650002500248210716s2012 xx 000 0 und d aeng a658.3125 GOED aGoel, Dewakar. aPerformance appraisal and compensation management: a modern approach.bModern approach. a2 aNew DelhibPHI Learning private limited.c2012 axxiv,400 aPerformance Apprisal